Ενιαία Δημοκρατική Αριστερά 1951-1967 : το αρχείο της
Αποθηκεύτηκε σε:
| Κύριος συγγραφέας: | |
|---|---|
| Άλλοι συγγραφείς: | , |
| Μορφή: | Βιβλίο |
| Γλώσσα: | Greek |
| Δημοσίευση: |
Αθήνα :
Θεμέλειο, Εθνικό Κέντρο Κοινωνικών Ερευνών,
2001
|
| Θέματα: | |
| Ετικέτες: |
Προσθήκη ετικέτας
Δεν υπάρχουν, Καταχωρήστε ετικέτα πρώτοι!
|
MARC
| LEADER | 00000cam a2200000 i 4500 | ||
|---|---|---|---|
| 001 | 1/53455 | ||
| 008 | 140822s2001 gre d | ||
| 020 | |a 960-310-284-9 | ||
| 035 | |l 10118680 | ||
| 040 | |a GR-MY-UA |b gre |e aacr | ||
| 041 | 0 | |a gre | |
| 082 | 0 | |a 324.2495075 |2 (23) | |
| 100 | 1 | |a Παπαθανασίου, Ιωάννα, |d 1958- | |
| 245 | 1 | 0 | |a Ενιαία Δημοκρατική Αριστερά 1951-1967 : |b το αρχείο της / |c Ιωάννα Παπαθανασίου ; με τη συνεργασία της Άντας Κάπολα και του Γιάννη Παπαθεοδώρου |
| 260 | |a Αθήνα : |b Θεμέλειο, |b Εθνικό Κέντρο Κοινωνικών Ερευνών, |c 2001 | ||
| 300 | |a 444 σ.; |b εικ.; |c 26 εκ. | ||
| 500 | |a Αρχεία Σύγχρονης Κοινωνικής Ιστορίας - Εθνικό Κέντρο Κοινωνικών Ερευνών | ||
| 650 | 0 | 0 | |a Political parties |z Greece |x History. |
| 700 | 1 | |a Κάπολα, Άντα. | |
| 700 | 1 | |a Παπαθεοδώρου, Γιάννης, |d 1970- | |
| 852 | |a INST |b LESVOS |e 20140822 |h 324.2495075 ΠΑΠ |p 005100054781 |q 005100054781 |t BK |y 0 | ||
| 901 | |a BIBL1-2014-2 | ||
| 909 | |a Λ |b 190196 | ||
| 970 | |a ΤΖΑΦΕΡΗ |b ΕΥΑΓΓΕΛΙΑ |z 2014/08/21 | ||